00602nam a2200109Ia 4500008004100000245004300041300023800084650001600322856006300338999001900401952007200420170517s9999 xx 000 0 und d 4aThe Weight of the Nation: Consequences aThe first film in The Weight of the Nation series examines the scope of the obesity epidemic and explores the serious health consequences of being overweight or obese. The obesity epidemic is a problem that's emerged over the last... xTechnology. uhttp://topdocumentaryfilms.com/weight-nation-consequences/ c335132d335132 001040aCLbCLd2017-05-17l0r2017-05-17 00:00:00w2017-05-17yDF